00350nam a2200133Ia 4500008004100000020002100041040002600062082001800088100003900106245002700145260002300172003000400195005001700199241217s9999||||xx |||||||||||||| ||und|| a9781138070066c0 bengcSSK Libraryerda a624.15136/KNA a Jonathan Knappett & R. F. Craig - 0aCraig's Soil Mechanics b Crc Pressc©2020OSt20241217113100.0